| 000 | 00986nas a2200289 4500 | ||
|---|---|---|---|
| 001 | BR8707226 | ||
| 003 | BR-BrBNA | ||
| 005 | 20231205090913.0 | ||
| 007 | ta | ||
| 008 | 230509b bl.|||p| |||| 00| 00por d | ||
| 040 |
_aBR-BrBNA _bpor _cBiblioteca Nacional de Agricultura |
||
| 041 | _a(Pt) | ||
| 072 | _aL53 | ||
| 100 | 1 | _aPaiva, P. de | |
| 100 | 1 | _aGodinho, H.M. | |
| 100 | 1 | _aMainardes-Pinto, C.S.R. | |
| 100 | 1 | _aTabata, Y.A. | |
| 100 | 1 | _aLeite, R.G. | |
| 245 | 1 | _aComportamento reprodutivo de truta arco-iris Salmo irideus Gibbons (Osteichthyes, Salmonidae)em cultivo intensivo | |
| 246 | 1 | _aReproductive behavior of the rainbow trout Salmo irideus Gibbons (Osteichthyes, Salmonidae)under intensive culture | |
| 650 | _aTRUTA | ||
| 650 | _aMATURIDADE SEXUAL | ||
| 650 | _aDESOVA | ||
| 773 | 0 |
_tBoletim do Instituto de Pesca (Brazil) _xISSN 0046-9939 _g(Dec 1985), v. 12(4) p. 61-70 _wBR8707226 |
|
| 909 |
_a202311 _bLúcia _c55 _dLúcia Elande |
||
| 942 |
_2AGRIS _n0 _cANA |
||
| 999 |
_c121547 _d121547 |
||